Alternativas europeas a la crisis centroamericana: Propuestas europeas frente a la crisis centroamericana

שמור ב:
מידע ביבליוגרפי
פורמט: Texto
יצא לאור: Santander: ICI
תגים: הוספת תג
אין תגיות, היה/י הראשונ/ה לתייג את הרשומה!

MARC

LEADER 00000 a a2200000 04500
001 24358
003
040
090 |a 172714  
245 |a Alternativas europeas a la crisis centroamericana: Propuestas europeas frente a la crisis centroamericana  
260 |a Santander:   |b ICI  
300 |a 152 p.  
999 |c 8157  |d 8157